|
|
|
|
| LEADER |
00000nam0a2200000 4500 |
| 001 |
322391 |
| 005 |
20231102003453.0 |
| 010 |
|
|
|a 5811200080
|
| 035 |
|
|
|a (RuTPU)RU\TPU\book\347950
|
| 090 |
|
|
|a 322391
|
| 100 |
|
|
|a 20160926d2002 m y0rusy50 ca
|
| 101 |
0 |
|
|a eng
|
| 102 |
|
|
|a RU
|
| 105 |
|
|
|a a z 001ay
|
| 200 |
1 |
|
|a Рассказы
|d Stories
|
| 210 |
|
|
|a Москва
|c Айрис-Пресс
|d 2002
|
| 215 |
|
|
|a 158 с.
|c ил.
|
| 225 |
1 |
|
|a Английский клуб
|
| 225 |
1 |
|
|a Домашнее чтение
|
| 320 |
|
|
|a Список имен и географических изданий: с. 126
|
| 320 |
|
|
|a Vocabulary: p. 127-156
|
| 330 |
|
|
|a Книга представляет собой сборник рассказов известного американского писателя Джона Стейнбека. Тексты рассказов подверглись незначительной адаптации и снабжены постраничным комментарием, поясняющим сложные грамматические конструкции, идиоматические обороты, необычное словоупотребление. Пособие содержит также упражнения для отработки и закрепления навыков речевой деятельности, словарь и предназначено широкому кругу лиц, изучающих английский язык под руководством преподавателя или самостоятельно.
|
| 510 |
1 |
|
|a Stories
|z eng
|
| 606 |
1 |
|
|a Английский язык
|x Учебные руководства и пособия
|x Хрестоматии, книги для чтения
|2 stltpush
|3 (RuTPU)RU\TPU\subj\29075
|9 52487
|
| 610 |
1 |
|
|a рассказы
|
| 610 |
1 |
|
|a грамматика
|
| 610 |
1 |
|
|a идиоматика
|
| 610 |
1 |
|
|a словоупотребление
|
| 610 |
1 |
|
|a упражнения
|
| 610 |
1 |
|
|a американская литература
|
| 686 |
|
|
|a Ш143.21-923.8
|v LBC/SL-A
|2 rubbk
|
| 700 |
|
1 |
|a Стейнбек
|b Дж. Э.
|c американский писатель
|c Нобелевский лауреат
|f 1902-1968
|g Джон Эрнст
|2 stltpush
|3 (RuTPU)RU\TPU\pers\21210
|9 8858
|
| 801 |
|
1 |
|a RU
|b 63413507
|c 20160926
|
| 801 |
|
2 |
|a RU
|b 63413507
|c 20220426
|g RCR
|
| 942 |
|
|
|c BK
|